Mastering windowa security and Hardening. (Record no. 32351)

MARC details
000 -LEADER
fixed length control field 00495nam a2200181Ia 4500
020 ## - INTERNATIONAL STANDARD BOOK NUMBER
ISBN 9781839216411
050 ## - CALL MARK
Classification number QA76.9 .D86/
100 ## - STATEMENT OF RESPONSIBILITY--MAIN AUTHOR NAME
Personal name Mark Dunkerley, Matt Tumbarello.
245 #0 - TITLE STATEMENT
Title Mastering windowa security and Hardening.
250 ## - EDITION / VOLUME STATEMENT
Edition / Volume statement 2nd edi.
260 ## - PUBLICATION, DISTRIBUTION, ETC. (IMPRINT)
Place of publication United Kingdom
260 ## - PUBLICATION, DISTRIBUTION, ETC. (IMPRINT)
Year of publication 2022
300 ## - PHYSICAL DESCRIPTION
Number of Pages 790 p
650 ## - SUBJECT ADDED ENTRY--TOPICAL TERM
Topical Term Computer security. Computer networks--Security measures.
942 ## - ADDED ENTRY ELEMENTS (KOHA)
Koha item type Books
Holdings
Withdrawn status Lost status Source of classification or shelving scheme Damaged status Not for loan Permanent Location Current Location Shelving location Date acquired Accession Number Price effective from Koha item type
    Library of Congress Classification     NILE UNIVERSITY OF NIGERIA - MAIN LIBRARY NILE UNIVERSITY OF NIGERIA - MAIN LIBRARY Items on shelf 04/23/2025 0196402 04/23/2025 Books